Nová kategorizácia ubytovacích zariadení
Od 1. novembra 2001 platí nová vyhláška MH SR č.185/2001, ktorá upravuje kategorizáciu ubytovacích zariadení a klasifikačné znaky na ich zaraďovanie do tried. Podstatné zmeny, ku ktorým došlo, v porovnaní so starou vyhláškou. Zoznam ubytovacích zariadení, ktoré určuje nová vyhláška.
Uložené v:
| Hlavný autor: | |
|---|---|
| Médium: | Kapitola |
| Jazyk: | Slovak |
| Predmet: | |
| Tagy: |
Žiadne tagy, Buďte prvý, kto otaguje tento záznam!
|
MARC
| LEADER | 00000naa a2200000 4500 | ||
|---|---|---|---|
| 001 | r043745 | ||
| 005 | 20230426124032.0 | ||
| 041 | 0 | |a slo | |
| 044 | |a SK | ||
| 245 | 1 | 0 | |a Nová kategorizácia ubytovacích zariadení |c Vlasta Janegová |
| 520 | |a Od 1. novembra 2001 platí nová vyhláška MH SR č.185/2001, ktorá upravuje kategorizáciu ubytovacích zariadení a klasifikačné znaky na ich zaraďovanie do tried. Podstatné zmeny, ku ktorým došlo, v porovnaní so starou vyhláškou. Zoznam ubytovacích zariadení, ktoré určuje nová vyhláška. | ||
| 610 | 2 | 0 | |a zariadenia ubytovacie |
| 610 | 2 | 0 | |a klasifikácia |
| 610 | 2 | 0 | |a vyhlášky |
| 610 | 2 | 0 | |a úpravy právne |
| 610 | 2 | 0 | |a Slovensko |
| 100 | 1 | |a Janegová, Vlasta | |